header

USB mass storage (Record no. 80587)

MARC details
000 -LEADER
fixed length control field 01249nam a2200349Ia 4500
082 04 - DEWEY DECIMAL CLASSIFICATION NUMBER
Classification number 004.5
100 1# - MAIN ENTRY--AUTHOR NAME
Personal name Axelson, Jan.
245 10 - TITLE STATEMENT
Title USB mass storage
260 ## - PUBLICATION, DISTRIBUTION, ETC. (IMPRINT)
Place of publication Madison, WI :
Name of publisher Lakeview Research LLC,
Year of publication c2006.
300 ## - PHYSICAL DESCRIPTION
Number of Pages xvi, 287 p. :
Other physical details ill.
500 ## - GENERAL NOTE
General note Includes index.
650 #0 - SUBJECT ADDED ENTRY--TOPICAL TERM
Topical Term Computer storage devices.
Topical Term USB (Computer bus)
856 40 - ELECTRONIC LOCATION AND ACCESS
Uniform Resource Identifier http://site.ebrary.com/lib/rucke/Doc?id=10132104

No items available.

© 2026 Rongo University
Contact us: librarian | system librarian | Rongo university